header

Modern languages and learning strategies (Record no. 64685)

MARC details
000 -LEADER
fixed length control field 01335nam a2200337Ia 4500
082 04 - DEWEY DECIMAL CLASSIFICATION NUMBER
Classification number 418/.0071/2
100 1# - MAIN ENTRY--AUTHOR NAME
Personal name Grenfell, Michael,
245 10 - TITLE STATEMENT
Title Modern languages and learning strategies
260 ## - PUBLICATION, DISTRIBUTION, ETC. (IMPRINT)
Place of publication London ;
-- New York :
Name of publisher Routledge,
Year of publication 1999.
300 ## - PHYSICAL DESCRIPTION
Number of Pages 165 p.
650 #0 - SUBJECT ADDED ENTRY--TOPICAL TERM
Topical Term Languages, Modern
Topical Term Language and languages.
700 1# - ADDED ENTRY--PERSONAL NAME
Personal name Harris, Vee,
856 40 - ELECTRONIC LOCATION AND ACCESS
Uniform Resource Identifier http://site.ebrary.com/lib/rucke/Doc?id=10054574

No items available.

© 2026 Rongo University
Contact us: librarian | system librarian | Rongo university